Elementos a considerar para integrar las tecnologías del aprendizaje de manera eficiente en el proceso de enseñanza aprendizaje /

El presente ensayo tiene como objetivo identificar una serie de elementos críticos para integrar tecnología en el currículum escolar. El documento se inicia entregando antecedentes de la cobertura actual del proyecto Enlaces, siguiendo con una revisión bibliográfica de la literatura a nivel de resul...

Full description

Bibliographic Details
Main Author: Cerda M.S., Cristián
Format: Analitica de revista
Language:Spanish
Online Access:Acceso electrónico al documento

MARC

LEADER 00000cab a2200000 a 4500
001 031846
003 UAHC_CL
005 20180816123547.0
008 041014s2003 cl 000 spa
952 |0 0  |1 0  |2 ddc  |4 0  |6 ESTUD___PEDAGÓG_28_02_000000000000000  |7 0  |8 COMP  |9 61972  |a BC  |b BC  |c General  |d 2017-08-03  |l 0  |o ESTUD. PEDAGÓG.-28/02  |r 2018-01-17 00:00:00  |w 2017-08-03  |y REVA 
999 |c 31846  |d 31846 
040 |a UAHC_CL  |c UAHC_CL  |d UAHC_CL 
100 1 |a Cerda M.S., Cristián 
245 1 0 |a Elementos a considerar para integrar las tecnologías del aprendizaje de manera eficiente en el proceso de enseñanza aprendizaje /  |c Prof. Cristián Cerda M.S. 
500 |a En: Estud. pedagóg., 2002, no.28, p.179-191. ISSN 0718-0705. 
520 |a El presente ensayo tiene como objetivo identificar una serie de elementos críticos para integrar tecnología en el currículum escolar. El documento se inicia entregando antecedentes de la cobertura actual del proyecto Enlaces, siguiendo con una revisión bibliográfica de la literatura a nivel de resultados de investigaciones sobre el impacto de los computadores en educación y de las barreras que inhiben el uso de estos por parte de los profesores. El documento finaliza con el análisis de una serie de elementos que facilitan la introducción de tecnología en el currículum escolar. 
773 0 |t Estudios pedagógicos  |w 031657 
856 |u http://www.scielo.cl/scielo.php?pid=S0718-07052002000100011&script=sci_arttext  |3 Acceso electrónico al documento  |y Acceso electrónico al documento 
856 |u http://www.scielo.cl/scielo.php?pid=S0718-07052002000100011&script=sci_arttext  |3 Acceso electrónico al documento  |y Acceso electrónico al documento 
900 |a ESTUD. PEDAGÓG.-28/02 
942 |c REVA  |2 ddc